| 000 | 005480000a22001930004500 | ||
|---|---|---|---|
| 001 | 003789 | ||
| 003 | MACL | ||
| 005 | 20150710144427.0 | ||
| 008 | 150710b xxu||||| |||| 00| 0 eng d | ||
| 040 |
_aMACL _cMACL |
||
| 041 | _aEnglish | ||
| 082 | _a305.908/VER | ||
| 100 |
_aVerma, Jank _91612 |
||
| 245 |
_achildren With Desabilities _bA research Study Conducted In maldives, Sponsore by Unicef And Canada _cJank Verma |
||
| 260 |
_aDelhi _c2006 _bAcademic Excellence, |
||
| 350 | _a350 | ||
| 650 |
_aSocial Science _91613 |
||
| 942 |
_k306 _cBK _2ddc |
||
| 999 |
_c15682 _d15682 |
||